Vybraná terminológia I pre poslucháčov laboratórnych vyšetrovacích metód v zdravotníctve FF SZU : zameranie: analytická chémia, biofyzika, biochémia, epidemiológia, genetika, hygiena detí a mládeže, hygiena životného prostredia-

Bibliographic Details
Main Author: Klement, Cyril, 1948- (Author)
Format: Book
Language:Slovak
PhysicalDescription:219 s. fotogr. 29 cm
Published: Banská Bytrica Pro 2014
ISBN:9788089057481 (brož.)
Edition:1. vyd.
Subjects:

MARC

LEADER 00000nam a2200000 a 4500
001 vtls010595536
003 SK-MaSNL
005 20260301215101.0
008 160429s2014 xo o e n 000 0 slo
015 |a SNBA2014/05 
020 |a 9788089057481 (brož.) 
035 |a B57CA78D-2E4B-41AB-AA78-1343B5D10C06 
035 |a urn:nbn:sk:snk-amjoli 
035 |a urn:nbn:sk:snk-am003cpw 
040 |a SNK  |b slo  |c SNK  |e AACR2 
041 0 |a slo 
044 |a xo  |c SK 
072 7 |a 614  |x Verejné zdravie a hygiena  |2 konspekt 
080 |a 614.2  |2 2001 
080 |a 616-074/-079  |2 2001 
080 |a 81'373.46  |2 2001 
080 |a (075.8)  |2 2001 
245 0 0 |a Vybraná terminológia I  |b pre poslucháčov laboratórnych vyšetrovacích metód v zdravotníctve FF SZU : zameranie: analytická chémia, biofyzika, biochémia, epidemiológia, genetika, hygiena detí a mládeže, hygiena životného prostredia-  |c Cyril Klement ... [et al.] 
250 |a 1. vyd. 
260 |a Banská Bytrica  |b Pro  |c 2014 
300 |a 219 s.  |b fotogr.  |c 29 cm 
366 |e 500 výt. 
504 |a Bibliogr.: s. 213-215 ; reg. ; zoz. skrat. 
650 0 7 |a zdravotníctvo  |2 SNKPH  |9 1269 
650 0 7 |a laboratórne vyšetrenia  |2 SNKPH  |9 89817 
650 0 7 |a Health service  |2 SNKPHeng  |9 265997 
650 0 7 |a Laboratory examinations  |2 SNKPHeng  |9 412688 
650 0 7 |a odborná terminológia  |2 SNKPH  |9 3616 
650 0 7 |a Terminology (professional)  |2 SNKPHeng  |9 90966 
655 7 |a učebnice vysokých škôl  |2 SNKPH  |9 70191 
655 7 |a Textbooks (higher)  |2 SNKPHeng  |9 276436 
700 1 |a Klement, Cyril,  |d 1948-  |4 aut  |9 115894 
852 |a Štátna vedecká knižnica v Banskej Bystrici 
919 |a 978-80-89057-48-1 
958 |a NB 
999 |c 926837  |d 928767 
952 |a SNK  |b SNK  |y PREZ  |7 0  |p 17A1109824  |o snkSB 86683  |i snk2014/11007  |8 0  |0 0  |1 0  |4 0  |d 2014-05-09  |f 1  |l 0  |r 2025-05-07 00:00:00  |w 2026-02-24 
952 |a SNK  |b SNK  |y VYP  |7 0  |p 17A1109823  |o snkSB 86683 D1  |i snk2014/11008  |8 0  |0 0  |1 0  |4 0  |d 2014-05-09  |l 0  |r 2016-06-30 00:00:00  |w 2026-02-24